[Event "Sheki op-A"]
[Site "Sheki"]
[Date "2025.06.22"]
[Round "5"]
[White "Kazimzade, Mahammad"]
[Black "Garakhanov, Shamsi"]
[Result "0-1"]
[WhiteElo "1701"]
[BlackElo "2110"]
[PlyCount "148"]
[EventDate "2025.06.19"]
[EventType "swiss"]
[EventRounds "9"]
[EventCountry "AZE"]
[SourceTitle "CB27_2025"]
[SourceDate "2025.07.02"]
[SourceVersion "1"]
[SourceVersionDate "2025.07.02"]
[SourceQuality "1"]

1. e4 c5 2. Nf3 d6 3. d4 cxd4 4. Nxd4 Nf6 5. Nc3 a6 6. Bd3 e5 7. Nde2 Be7 8. 0-0 0-0 9. f4 Nbd7 10. h3 b5 11. a3 Bb7 12. Ng3 Re8 13. b4 Qc7 14. Qd2 Bf8 15. Bb2 Kh8 16. Rad1 Rad8 17. Qf2 Bc6 18. Nce2 Nb6 19. Rc1 Qb7 20. fxe5 dxe5 21. Qf5 Bd7 22. Qf3 Rc8 23. Nh5 Nxh5 24. Qxh5 f6 25. Rcd1 Be6 26. Ng3 Red8 27. Qf3 Qe7 28. Nf5 Qc7 29. Ne3 Qb7 30. Ng4 Re8 31. Kh1 Be7 32. Qg3 Bf8 33. Qf3 Qc7 34. Qg3 Bxg4 35. Qxg4 Nc4 36. Bc1 Qc6 37. Qe2 Nb6 38. Bd2 Na4 39. Rb1 Qe6 40. Rb3 Red8 41. Rf3 Nb6 42. Rg3 Rc7 43. Be3 Nc4 44. Qf2 Nxe3 45. Qxe3 Rc6 46. Qf2 Bd6 47. Qf3 Bc7 48. Qg4 Qf7 49. Qe2 Rd4 50. Rf3 h6 51. Rf1 Qe6 52. Ra1 Qd6 53. Rd1 Qe7 54. Ra1 Qd6 55. Qe1 f5 56. exf5 e4 57. g3 exd3 58. Rxd3 Rxd3 59. cxd3 Qd5+ 60. Qe4 Qxe4+ 61. dxe4 Bxg3 62. Kg2 Be5 63. Ra2 Rc4 64. Kf3 Rc3+ 65. Kg2 Rg3+ 66. Kh1 Rxh3+ 67. Kg1 Rb3 68. Rd2 Rb1+ 69. Kf2 Rb2 70. Rxb2 Bxb2 71. Ke3 Bxa3 72. e5 Bxb4 73. e6 h5 74. Kf4 Be7 0-1

[Event "Sheki op-A"]
[Site "Sheki"]
[Date "2025.06.20"]
[Round "3"]
[White "Azizli, Nurlan"]
[Black "Kazimzade, Mahammad"]
[Result "1-0"]
[WhiteElo "2019"]
[BlackElo "1701"]
[PlyCount "189"]
[EventDate "2025.06.19"]
[EventType "swiss"]
[EventRounds "9"]
[EventCountry "AZE"]
[SourceTitle "CB27_2025"]
[SourceDate "2025.07.02"]
[SourceVersion "1"]
[SourceVersionDate "2025.07.02"]
[SourceQuality "1"]

1. d4 Nf6 2. Nf3 e6 3. c4 Bb4+ 4. Bd2 c5 5. Bxb4 cxb4 6. e3 a5 7. Bd3 b6 8. 0-0 Bb7 9. Nbd2 0-0 10. a3 Na6 11. Qe2 Qe7 12. h3 d6 13. e4 Rfd8 14. Rfe1 h6 15. Rac1 e5 16. d5 Nd7 17. Nf1 Ndc5 18. Ng3 Bc8 19. Qe3 Nxd3 20. Qxd3 Nc5 21. Qe3 b3 22. Rc3 a4 23. Rf1 Rf8 24. Nd2 f5 25. f4 fxe4 26. Ndxe4 exf4 27. Rxf4 Re8 28. Qf2 Ra7 29. Re3 Qd8 30. Nxc5 bxc5 31. Ne4 Rae7 32. Qh4 Re5 33. Qxd8 Rxd8 34. Kf2 Rde8 35. Re2 Ba6 36. Nc3 Rxe2+ 37. Nxe2 Rf8 38. Ke3 Rxf4 39. Kxf4 Bxc4 40. Nc3 Kf7 41. h4 Bf1 42. g4 Bg2 43. Kf5 g6+ 44. Kf4 Kf6 45. g5+ hxg5+ 46. hxg5+ Ke7 47. Kg3 Bh1 48. Kf2 Kd7 49. Ke3 Kc8 50. Nxa4 Kb7 51. Nc3 Bg2 52. Ne4 Kb6 53. Nf6 Kb5 54. Kd3 Ka4 55. Kc3 Bf3 56. Ne8 Bxd5 57. Nxd6 Ka5 58. Nc4+ Kb5 59. Ne5 Be4 60. Kxb3 Bd5+ 61. Kc3 Be4 62. b3 Bf5 63. a4+ Ka5 64. Nc4+ Ka6 65. Nd6 Be6 66. Ne4 Kb6 67. Nf2 Ka5 68. Nd3 Kb6 69. Ne5 Bf5 70. Nc4+ Ka6 71. Kd2 Bb1 72. Na3 Bf5 73. Kc3 Kb6 74. b4 cxb4+ 75. Kxb4 Ka6 76. Nc4 Bc2 77. a5 Be4 78. Nb6 Bf5 79. Na4 Bc2 80. Nc5+ Ka7 81. Kb5 Bf5 82. Kc6 Bc2 83. Kd6 Bf5 84. Ke7 Bc2 85. Kf6 Bb1 86. Nd7 Ka6 87. Ne5 Kxa5 88. Nxg6 Kb6 89. Ne7 Kc7 90. Nf5 Kd7 91. g6 Ba2 92. Nh6 Ke8 93. Nf7 Bxf7 94. gxf7+ Kf8 95. Kg6 1-0

[Event "AZE-ch 1st League"]
[Site "Baku"]
[Date "2025.01.11"]
[Round "6"]
[White "Kazimzade, Mahammad"]
[Black "Azimov, Yasin"]
[Result "1/2-1/2"]
[WhiteElo "1743"]
[BlackElo "1880"]
[PlyCount "106"]
[EventDate "2025.01.06"]
[EventType "swiss"]
[EventRounds "9"]
[EventCountry "AZE"]
[SourceTitle "CB03_2025"]
[SourceDate "2025.01.15"]
[SourceVersion "1"]
[SourceVersionDate "2025.01.15"]
[SourceQuality "1"]

1. e4 c5 2. Nf3 Nc6 3. d4 cxd4 4. Nxd4 Qb6 5. Nb3 Nf6 6. Nc3 e6 7. Qe2 Bb4 8. Bd2 0-0 9. 0-0-0 d5 10. exd5 exd5 11. Be3 Qd8 12. Nb5 Re8 13. h3 a6 14. N5d4 Qe7 15. Nxc6 bxc6 16. Qf3 Ne4 17. Bd3 f5 18. g4 Rf8 19. gxf5 Bxf5 20. Qg2 Bg6 21. Rdg1 Bh5 22. Bd4 g6 23. Bxe4 dxe4 24. a3 Bf3 25. Qf1 Bd6 26. Qc4+ Qf7 27. Qxc6 Bf4+ 28. Kb1 Rfc8 29. Qb6 Bxh1 30. Rxh1 Re8 31. Re1 Re6 32. Qa5 Bc7 33. Qg5 Rae8 34. Nc5 R6e7 35. Bf6 Re5 36. Bxe5 Rxe5 37. Qe3 Bb6 38. b4 Bxc5 39. bxc5 Qc4 40. Qb3 Qxb3+ 41. cxb3 Rxc5 42. Rxe4 Rf5 43. f4 Kf7 44. Ra4 a5 45. Kc2 Ke6 46. Kd3 Kd6 47. Ke4 Rh5 48. h4 Kc6 49. b4 axb4 50. Rxb4 Rxh4 51. Ke5 Rh5+ 52. Kf6 Rf5+ 53. Kg7 g5 1/2-1/2

[Event "Wch U10"]
[Site "Montesilvano"]
[Date "2024.11.26"]
[Round "11"]
[White "Kazimzade, Mahammad"]
[Black "Jani, Aakash"]
[Result "1-0"]
[WhiteElo "1687"]
[BlackElo "1810"]
[PlyCount "85"]
[EventDate "2024.11.15"]
[EventType "swiss"]
[EventRounds "11"]
[EventCountry "ITA"]
[SourceTitle "CB48_2024"]
[SourceDate "2024.11.28"]
[SourceVersion "1"]
[SourceVersionDate "2024.11.28"]
[SourceQuality "1"]

1. d4 Nf6 2. c4 g6 3. Nc3 Bg7 4. g3 0-0 5. Bg2 d6 6. Nf3 Nbd7 7. 0-0 e5 8. Qc2 exd4 9. Nxd4 Nb6 10. Rd1 Nxc4 11. Ncb5 a6 12. Qxc4 axb5 13. Nxb5 Ne8 14. Qb4 Bd7 15. Be3 Qe7 16. a3 Bc6 17. Rac1 Bxg2 18. Kxg2 c6 19. Nxd6 Nxd6 20. Rxd6 Bxb2 21. Rxg6+ hxg6 22. Qxe7 Bxa3 23. Qf6 Rfd8 24. Bh6 Bf8 25. Bxf8 Kxf8 26. Rc4 Ke8 27. Re4+ Kd7 28. Re7+ Kc8 29. Qf4 Rd7 30. Re8+ Rd8 31. Qxf7 Rb8 32. Qe6+ Kc7 33. Re7+ Kb6 34. Qb3+ Kc5 35. Re5+ Kd6 36. Re6+ Kd7 37. Rxg6 Kc8 38. Qf7 Rd7 39. Rg8+ Kc7 40. Qf4+ Rd6 41. Rg7+ Kc8 42. Qxd6 Ra8 43. Rg8# 1-0

[Event "Wch U10"]
[Site "Montesilvano"]
[Date "2024.11.24"]
[Round "9"]
[White "Kazimzade, Mahammad"]
[Black "Melkonyan, Davit"]
[Result "0-1"]
[WhiteElo "1687"]
[BlackElo "1842"]
[PlyCount "130"]
[EventDate "2024.11.15"]
[EventType "swiss"]
[EventRounds "11"]
[EventCountry "ITA"]
[SourceTitle "CB48_2024"]
[SourceDate "2024.11.28"]
[SourceVersion "1"]
[SourceVersionDate "2024.11.28"]
[SourceQuality "1"]

1. c4 e5 2. g3 Nf6 3. Bg2 Nc6 4. Nc3 Bb4 5. Nf3 Bxc3 6. dxc3 h6 7. 0-0 d6 8. b3 0-0 9. Ba3 Bf5 10. Qc1 Re8 11. Rd1 Qe7 12. Qb2 Qe6 13. Nd2 Rad8 14. Nf1 Bh3 15. Bd5 Qc8 16. Bh1 e4 17. Ne3 Ne5 18. Qc2 Neg4 19. Nxg4 Bxg4 20. Bc1 Qf5 21. Be3 Qh5 22. Re1 Bf5 23. Qd2 Ng4 24. h4 g5 25. f3 exf3 26. exf3 Nxe3 27. Rxe3 gxh4 28. Rxe8+ Rxe8 29. g4 Qg6 30. Kf2 Bd3 31. Re1 Rxe1 32. Qxe1 Qe6 33. Qd2 Bh7 34. Bg2 b6 35. a4 a5 36. Bf1 Kg7 37. Bg2 Bg6 38. Bf1 Qe5 39. f4 Qc5+ 40. Kf3 Qg1 41. Bg2 Qh2 42. f5 Qg3+ 43. Ke4 Qxg4+ 44. Kd5 Qxf5+ 45. Kc6 Qc5+ 46. Kb7 b5 47. Qd4+ Qxd4 48. cxd4 bxc4 49. bxc4 c5 50. dxc5 dxc5 51. Kc6 Bc2 52. Kxc5 Bxa4 53. Kb6 Bd7 54. Kxa5 h3 55. Bh1 Kf6 56. c5 Ke5 57. c6 Bxc6 58. Bxc6 f5 59. Kb4 Kd4 60. Kb3 Kd3 61. Bb5+ Ke3 62. Kc2 f4 63. Bf1 h2 64. Bg2 f3 65. Bh1 f2 0-1

[Event "Wch U10"]
[Site "Montesilvano"]
[Date "2024.11.23"]
[Round "8"]
[White "Guntaka, Aayansh R"]
[Black "Kazimzade, Mahammad"]
[Result "0-1"]
[WhiteElo "1798"]
[BlackElo "1687"]
[PlyCount "120"]
[EventDate "2024.11.15"]
[EventType "swiss"]
[EventRounds "11"]
[EventCountry "ITA"]
[SourceTitle "CB48_2024"]
[SourceDate "2024.11.28"]
[SourceVersion "1"]
[SourceVersionDate "2024.11.28"]
[SourceQuality "1"]

1. e4 e5 2. Nf3 Nc6 3. Bc4 Nf6 4. d4 exd4 5. e5 d5 6. Bb5 Ne4 7. Nxd4 Bd7 8. Bxc6 bxc6 9. 0-0 Bc5 10. f3 Ng5 11. f4 Ne4 12. Be3 Bb6 13. Nd2 Nxd2 14. Qxd2 c5 15. Nf3 d4 16. Bf2 Bc6 17. Bh4 Qd7 18. Rad1 0-0 19. f5 Qxf5 20. Nxd4 Qd7 21. Nxc6 Qxc6 22. Qd7 Qe4 23. Be7 Rfe8 24. Rxf7 Qxe5 25. Rdf1 Qd4+ 26. Qxd4 cxd4 27. Kh1 h6 28. g4 c5 29. a4 c4 30. Ba3 d3 31. cxd3 cxd3 32. Rd7 Rad8 33. Rxd8 Rxd8 34. Rd1 Rd4 35. h3 Kf7 36. b4 d2 37. Kg2 Rd3 38. Bb2 Be3 39. Be5 Bg5 40. Bg3 Ke6 41. b5 Kd5 42. Bf2 Kc4 43. h4 Bf4 44. Kf1 Kb3 45. Ke2 Kc2 46. a5 Rd5 47. Be3 Bxe3 48. b6 axb6 49. a6 b5 50. a7 Bxa7 51. Rxd2+ Rxd2+ 52. Kf3 Kd3 53. g5 hxg5 54. hxg5 g6 55. Kf4 Bd4 56. Kf3 Rf2+ 57. Kg3 Ke4 58. Kh4 Kf3 59. Kh3 Be5 60. Kh4 Rh2# 0-1

[Event "GEO World Cup Final U10"]
[Site "Batumi"]
[Date "2024.07.02"]
[Round "2"]
[White "Ismailov, Omarbek"]
[Black "Kazimzade, Mahammad"]
[Result "0-1"]
[WhiteElo "1716"]
[BlackElo "1592"]
[PlyCount "121"]
[EventDate "2024.07.01"]
[EventType "match"]
[EventRounds "5"]
[EventCountry "GEO"]
[SourceTitle "EXT 2025"]
[Source "ChessBase"]
[SourceDate "2024.10.14"]
[SourceVersion "1"]
[SourceVersionDate "2024.10.14"]
[SourceQuality "1"]

1. d4 Nf6 2. Bf4 e6 3. e3 d5 4. Nf3 c5 5. c3 Nc6 6. Nbd2 Bd6 7. Bxd6 Qxd6 8. Bd3 0-0 9. 0-0 b6 10. e4 dxe4 11. Nxe4 Nxe4 12. Bxe4 Bb7 13. Ne5 Rad8 14. Qf3 Nxe5 15. dxe5 Bxe4 16. Qxe4 Qd5 17. Qa4 a5 18. Rfe1 Qb7 19. Rad1 h6 20. Qb5 Qc7 21. Qe2 Qc6 22. Rd3 Rxd3 23. Qxd3 Qc7 24. f4 Rd8 25. Qe3 Qc6 26. Rf1 Qd5 27. f5 Qd3 28. Qe1 exf5 29. Qf2 Re8 30. Qxf5 Qxf5 31. Rxf5 Re6 32. Kf2 b5 33. b3 b4 34. c4 a4 35. bxa4 Ra6 36. e6 fxe6 37. Rxc5 Rxa4 38. Rb5 Rxa2+ 39. Kf3 Rb2 40. c5 b3 41. c6 Rc2 42. Rb8+ Kf7 43. Rb7+ Kf6 44. c7 b2 45. h4 Rxc7 46. Rxb2 h5 47. Rb5 e5 48. Rb3 Kf5 49. g3 g6 50. Ra3 Rc4 51. Re3 e4+ 52. Kg2 Kg4 53. Kh2 Rc2+ 54. Kg1 Kf5 55. Ra3 Ke5 56. Ra6 Kd4 57. Rxg6 Ke3 58. Rg5 Kf3 59. Rxh5 e3 60. Re5 e2 61. h5 0-1

[Event "GEO World Cup Final U10"]
[Site "Batumi"]
[Date "2024.07.01"]
[Round "1"]
[White "Kazimzade, Mahammad"]
[Black "Ismailov, Omarbek"]
[Result "1-0"]
[WhiteElo "1592"]
[BlackElo "1716"]
[PlyCount "51"]
[EventDate "2024.07.01"]
[EventType "match"]
[EventRounds "5"]
[EventCountry "GEO"]
[SourceTitle "EXT 2025"]
[Source "ChessBase"]
[SourceDate "2024.10.14"]
[SourceVersion "1"]
[SourceVersionDate "2024.10.14"]
[SourceQuality "1"]

1. e4 c5 2. c3 e5 3. Nf3 Nc6 4. d4 cxd4 5. cxd4 exd4 6. Nxd4 Bc5 7. Nxc6 Qf6 8. Qc2 Qxc6 9. Nc3 Bb4 10. Bd2 Ne7 11. Bd3 b6 12. 0-0 0-0 13. Rac1 Bb7 14. Qb3 Bxc3 15. Bxc3 Qg6 16. f4 Nf5 17. Rf3 Qh5 18. Rh3 Qg4 19. Qc2 Qxf4 20. exf5 f6 21. Rf1 Qd6 22. Qe2 Qc6 23. Rd1 Rae8 24. Qg4 Qc5+ 25. Kh1 Qf2 26. Rf1 1-0

[Event "GEO World Cup-B U10"]
[Site "Batumi"]
[Date "2024.06.26"]
[Round "4"]
[White "Kazimzade, Mahammad"]
[Black "Ling, Chenxuan"]
[Result "0-1"]
[WhiteElo "1594"]
[BlackElo "1868"]
[PlyCount "151"]
[EventDate "2024.06.23"]
[EventType "swiss"]
[EventRounds "7"]
[EventCountry "GEO"]
[SourceTitle "EXT 2025"]
[Source "ChessBase"]
[SourceDate "2024.10.14"]
[SourceVersion "1"]
[SourceVersionDate "2024.10.14"]
[SourceQuality "1"]

1. e4 c5 2. Nc3 Nc6 3. Bb5 Nd4 4. Nf3 Nxb5 5. Nxb5 a6 6. Nc3 d6 7. d4 cxd4 8. Nxd4 g6 9. 0-0 Bg7 10. Be3 Nf6 11. Qd2 0-0 12. Bh6 Qc7 13. Bxg7 Kxg7 14. f4 b5 15. a3 Bb7 16. Rae1 Rad8 17. f5 Qc5 18. Kh1 Ng4 19. Rf4 Nf6 20. Rh4 Kh8 21. fxg6 fxg6 22. Ne6 Qe5 23. Nxd8 Rxd8 24. Qh6 g5 25. Rh3 Bc8 26. Rf3 Rg8 27. Ref1 Ng4 28. Qh5 Nf6 29. Qf7 Rg7 30. Qb3 g4 31. Rf4 g3 32. Rh4 Be6 33. Nd5 Nxe4 34. Rf8+ Bg8 35. Ne3 Nf2+ 36. Kg1 Qg5 37. hxg3 Qxg3 38. Rh2 Ng4 39. Nxg4 Qe1+ 40. Rf1 Qxf1+ 41. Kxf1 Bxb3 42. Ne3 Bg8 43. Rh4 e5 44. a4 d5 45. axb5 axb5 46. Rb4 d4 47. Nf5 Rc7 48. Nh6 Be6 49. b3 Kg7 50. Rxb5 Kxh6 51. Rxe5 Bf7 52. Rf5 Bg6 53. Rd5 Bxc2 54. Rxd4 Bxb3 55. Rg4 Be6 56. Re4 Bf5 57. Re3 Kg5 58. Kg1 Rc2 59. Kh2 h5 60. Rg3+ Kf6 61. Rg8 h4 62. Rf8+ Kg5 63. Rg8+ Kf4 64. Rg7 Rd2 65. Rg8 Ra2 66. Rg7 Rb2 67. Rg8 Rc2 68. Rg7 Rc6 69. Rg8 Rg6 70. Rb8 Ra6 71. Rg8 Ra2 72. Rg7 h3 73. Rg8 Bg4 74. Rf8+ Ke5 75. Re8+ Kf6 76. Rf8+ 0-1